Z jakimi krajami graniczą te państwa? - Statystyki

Ogólne statystyki
  • Ten quiz został rozwiązany 344 razy
  • Średni wynik to 69 z 128
Statystyki odpowiedzi
Zagadnienie Komórka Select % Poprawnych
Z którymi krajami graniczy Litwa? Chiny Nie
96%
Z którymi krajami graniczy Litwa? Czechy Nie
96%
Z którymi krajami graniczy Litwa? Kazachstan Nie
96%
Z którymi krajami graniczy Litwa? Mongolia Nie
96%
Z którymi krajami graniczy Litwa? Norwegia Nie
96%
Z którymi krajami graniczy Litwa? Słowacja Nie
96%
Z którymi krajami graniczy Litwa? Gruzja Nie
95%
Z którymi krajami graniczy Litwa? Szwecja Nie
95%
Z którymi krajami graniczy Litwa? Finlandia Nie
93%
Z którymi krajami graniczy Litwa? Ukraina Nie
93%
Z którymi krajami graniczy Litwa? Niemcy Nie
92%
Z którymi krajami graniczy Litwa? Polska Tak
90%
Z którymi krajami graniczy Litwa? Łotwa Tak
84%
Z którymi krajami graniczy Litwa? Estonia Nie
81%
Z którymi krajami graniczy Litwa? Rosja Tak
80%
Z którymi krajami graniczy Litwa? Białoruś Tak
78%
Z jakimi krajami graniczy Brazylia? Kostaryka Nie
72%
Z jakimi krajami graniczy Brazylia? Stany Zjednoczone Nie
72%
Z jakimi krajami graniczy Brazylia? Trynidad i Tobago Nie
72%
Z jakimi krajami graniczy Brazylia? Panama Nie
69%
Z kim graniczą Indie? Filipiny Nie
67%
Z kim graniczą Indie? Indonezja Nie
67%
Z jakimi krajami graniczy Brazylia? Chile Nie
65%
Z kim graniczą Indie? Malezja Nie
65%
Z kim graniczą Indie? Wietnam Nie
65%
Z kim graniczą Indie? Malediwy Nie
64%
Z jakimi państwami graniczy Meksyk? Włochy Nie
64%
Z jakimi krajami graniczy Brazylia? Argentyna Tak
63%
Z jakimi państwami graniczy Meksyk? Fracja Nie
63%
Z jakimi państwami graniczy Meksyk? Hiszpania Nie
63%
Z jakim państwem graniczy Austria? Ukraina Nie
63%
Z jakim państwem graniczy Austria? Bośnia i Hercegowina Nie
62%
Z jakimi państwami graniczy Meksyk? Dominikana Nie
62%
Z kim graniczą Indie? Iran Nie
62%
Z jakim państwem graniczy Austria? Monako Nie
62%
Z jakim państwem graniczy Austria? Polska Nie
62%
Z jakim państwem graniczy Austria? Rosja Nie
62%
Z jakim państwem graniczy Austria? San Marino Nie
62%
Z jakimi państwami graniczy Meksyk? Bahamy Nie
61%
Z jakimi państwami graniczy Meksyk? Haiti Nie
61%
Z jakimi państwami graniczy Meksyk? Jamajka Nie
61%
Z kim graniczą Indie? Kazachstan Nie
61%
Z jakimi państwami graniczy Meksyk? Kostaryka Nie
61%
Z kim graniczą Indie? Tajlandia Nie
61%
Z jakimi państwami graniczy Meksyk? Kuba Nie
60%
Z jakimi krajami graniczy Brazylia? Urugwaj Tak
60%
Z jakimi krajami graniczy Brazylia? Ekwador Nie
59%
Z jakimi państwami graniczy Meksyk? Panama Nie
59%
Z jakim państwem graniczy Arabia Saudyjska? Sudan Nie
58%
Z jakim państwem graniczy Arabia Saudyjska? Erytrea Nie
57%
Z jakim państwem graniczy Austria? Niemcy Tak
57%
Z jakim państwem graniczy Arabia Saudyjska? Turcja Nie
57%
Z jakim państwem graniczy Austria? Francja Nie
56%
Z jakimi państwami graniczy Meksyk? Stany Zjednoczone Tak
56%
Z jakimi krajami graniczy Brazylia? Boliwia Tak
54%
Z jakim państwem graniczy Austria? Chorwacja Nie
54%
Z jakimi państwami graniczy Meksyk? Nikaragua Nie
54%
Z jakimi krajami graniczy Brazylia? Paragwaj Tak
54%
Z jakimi państwami graniczy Meksyk? Salwador Nie
54%
Z jakim państwem graniczy Demokratyczna Republika Konga? Somalia Nie
54%
Z jakimi państwami graniczy Meksyk? Honduras Nie
53%
Z kim graniczą Indie? Nepal Tak
53%
Z kim graniczą Indie? Pakistan Tak
53%
Z jakim państwem graniczy Demokratyczna Republika Konga? Sudan Nie
53%
Z jakim państwem graniczy Arabia Saudyjska? Liban Nie
52%
Z jakim państwem graniczy Austria? Szwajcaria Tak
52%
Z kim graniczą Indie? Afganistan Nie
51%
Z kim graniczą Indie? Bangladesz Tak
51%
Z jakim państwem graniczy Zambia? Madagaskar Nie
51%
Z jakim państwem graniczy Demokratyczna Republika Konga? Namibia Nie
51%
Z jakim państwem graniczy Demokratyczna Republika Konga? Etiopia Nie
50%
Z jakimi krajami graniczy Brazylia? Gujana Francuska Tak
50%
Z jakim państwem graniczy Zambia? Suazi Nie
50%
Z kim graniczą Indie? Chiny Tak
49%
Z jakim państwem graniczy Arabia Saudyjska? Egipt Nie
49%
Z jakim państwem graniczy Demokratyczna Republika Konga? Gabon Nie
49%
Z jakimi krajami graniczy Brazylia? Gujana Tak
49%
Z jakim państwem graniczy Zambia? Lesotho Nie
49%
Z jakim państwem graniczy Demokratyczna Republika Konga? Nigeria Nie
49%
Z jakimi krajami graniczy Brazylia? Surinam Tak
49%
Z jakimi krajami graniczy Brazylia? Wenezuela Tak
49%
Z jakim państwem graniczy Zambia? Etiopia Nie
48%
Z jakim państwem graniczy Arabia Saudyjska? Jemen Tak
48%
Z jakim państwem graniczy Zambia? Kongo Nie
48%
Z jakim państwem graniczy Arabia Saudyjska? Oman Tak
48%
Z kim graniczą Indie? Sri Lanka Nie
48%
Z jakimi krajami graniczy Brazylia? Kolumbia Tak
47%
Z kim graniczą Indie? Bhutan Tak
46%
Z jakim państwem graniczy Austria? Czechy Tak
46%
Z jakim państwem graniczy Arabia Saudyjska? Iran Nie
46%
Z jakim państwem graniczy Demokratyczna Republika Konga? Kongo Tak
46%
Z jakim państwem graniczy Zambia? Uganda Nie
46%
Z jakim państwem graniczy Zambia? Burundi Nie
45%
Z jakim państwem graniczy Arabia Saudyjska? Izrael Nie
45%
Z jakim państwem graniczy Arabia Saudyjska? Zjednoczone Emiraty Arabskie Tak
45%
Z jakim państwem graniczy Austria? Liechtenstein Tak
44%
Z jakimi krajami graniczy Brazylia? Peru Tak
44%
Z jakim państwem graniczy Arabia Saudyjska? Syria Nie
44%
Z jakim państwem graniczy Arabia Saudyjska? Katar Tak
43%
Z jakim państwem graniczy Demokratyczna Republika Konga? Kamerun Nie
41%
Z jakim państwem graniczy Demokratyczna Republika Konga? Republika Środkowoafrykańska Tak
41%
Z jakim państwem graniczy Austria? Węgry Tak
40%
Z jakimi państwami graniczy Meksyk? Gwatemala Tak
39%
Z jakim państwem graniczy Arabia Saudyjska? Kuwejt Tak
39%
Z jakim państwem graniczy Arabia Saudyjska? Jordania Tak
38%
Z kim graniczą Indie? Mjanma Tak
37%
Z jakim państwem graniczy Austria? Słowenia Tak
37%
Z jakim państwem graniczy Austria? Włochy Tak
37%
Z jakim państwem graniczy Demokratyczna Republika Konga? Angola Tak
36%
Z jakim państwem graniczy Zambia? Republika Południowej Aryki Nie
36%
Z jakimi państwami graniczy Meksyk? Belize Tak
35%
Z jakim państwem graniczy Arabia Saudyjska? Irak Tak
34%
Z jakim państwem graniczy Zambia? Zimbabwe Tak
31%
Z jakim państwem graniczy Demokratyczna Republika Konga? Uganda Tak
29%
Z jakim państwem graniczy Demokratyczna Republika Konga? Zambia Tak
29%
Z jakim państwem graniczy Demokratyczna Republika Konga? Burundi Tak
28%
Z jakim państwem graniczy Demokratyczna Republika Konga? Rwanda Tak
28%
Z jakim państwem graniczy Demokratyczna Republika Konga? Sudan Południowy Tak
27%
Z jakim państwem graniczy Zambia? Botswana Tak
26%
Z jakim państwem graniczy Austria? Słowacja Tak
26%
Z jakim państwem graniczy Zambia? Namibia Tak
24%
Z jakim państwem graniczy Zambia? Demokratyczna Republika Konga Tak
21%
Z jakim państwem graniczy Zambia? Mozambik Tak
21%
Z jakim państwem graniczy Demokratyczna Republika Konga? Tanzania Tak
21%
Z jakim państwem graniczy Zambia? Tanzania Tak
21%
Z jakim państwem graniczy Arabia Saudyjska? Bahrajn Tak
20%
Z jakim państwem graniczy Zambia? Malawi Tak
17%
Z jakim państwem graniczy Zambia? Angola Tak
16%
Nie znaleziono quizów pasujących do podanych kryteriów
Rozkład punktacji
Procent ludzi z każdym wynikiem
Percentyl według liczby udzielonych odpowiedzi
Twoja historia wyników
Nie rozwiązałeś tego quizu